00680nam a22002177a 4500999001900000005001700019010001300036020002300049035001300072037000800085082001000093100002200103245004600125250001200171260003800183270004000221300002900261500003300290942002400323952011500347 c194897d19489720230127145720.0 aB-043133 a8178088355c510.00 aB-043133 bUBH a621.3 aFloyd, Thomas L.  aElectronic devices /cby Thomas L. Floyd  a6th ed. aDelhi bPearson Educations c2009 a482 FIF, PatparganjbDelhi e110092 axiii, 993p. c30cm(pbk)  aIncludes glossary and index  2ddccENmFLOh621.3 001040708NFICaZLSbZLSd2023-01-27l3m3o621.3 FLOpB-083133r2024-12-09 00:00:00s2024-11-23v510.00yEN